Exportný plán regiónu 2006

Otvorenie trhu práce v Španielsku pre nových členov Európskej únie. Dovozný a vývozný režim. Obchodné zvyklosti v teritóriu. Vyhodnotenie odbytových možností SR podľa odbytových tried HS španielskeho importu. Marketingová stratégia pri vývoze do Španielska. Kvantifikácia celkových odbytových možnost...

Descrizione completa

Salvato in:
Dettagli Bibliografici
Autore principale: Blazquez, Luis
Natura: Capitolo di libro
Lingua:slovacco
Soggetti:
Tags: Aggiungi Tag
Nessun Tag, puoi essere il primo ad aggiungerne!!

MARC

LEADER 00000naa$a2200000$$$4500
001 0050553
005 20240502083132.5
041 0 |a slo 
044 |a CZ 
245 1 0 |a Exportný plán regiónu 2006  |c Luis Blazquez 
520 |a Otvorenie trhu práce v Španielsku pre nových členov Európskej únie. Dovozný a vývozný režim. Obchodné zvyklosti v teritóriu. Vyhodnotenie odbytových možností SR podľa odbytových tried HS španielskeho importu. Marketingová stratégia pri vývoze do Španielska. Kvantifikácia celkových odbytových možností 
610 2 0 |a obchod zahraničný 
610 2 0 |a spolupráca medzinárodná 
610 2 0 |a partneri obchodní 
610 2 0 |a marketing 
610 2 0 |a trh práce 
610 2 0 |a Španielsko 
100 1 |a Blazquez, Luis